| 000 | 00595nam a2200205Ia 4500 | ||
|---|---|---|---|
| 003 | GCL | ||
| 008 | 140319s9999 xx 000 0 ara d | ||
| 040 |
_aGCL / _cGCL |
||
| 082 | 0 | 4 |
_a371.928 _bن ت |
| 100 | 1 | _aنادر فهمى | |
| 245 | 1 | 0 |
_aتعليم الاطفال المتخلفين عقليا / _cنادر فهمى |
| 300 | _a183 ص | ||
| 490 |
_aكتاب _v0 |
||
| 650 | 0 | 4 | _aالاطفال |
| 650 | 0 | 4 | _aضعاف العقول |
| 650 | 0 | 4 | _aالاعاقة |
| 650 | 0 | 4 | _aالاطفال المعوقون |
| 650 | 0 | 4 | _aالاطفال المعوقون - تعليم |
| 942 |
_2ddc _cBK |
||
| 999 |
_c41686 _d41686 |
||